Repertorio bibliográfico artístico en prensa periódica española 1936-19488 / (Record no. 5149)
[ view plain ]
| 000 -CABECERA | |
|---|---|
| campo de control de longitud fija | 00587nam a2200181 a 4500 |
| 001 - NÚMERO DE CONTROL | |
| campo de control | 000005348 |
| 005 - FECHA Y HORA DE LA ÚLTIMA TRANSACCIÓN | |
| campo de control | 20200929151641.0 |
| 008 - DATOS DE LONGITUD FIJA--INFORMACIÓN GENERAL | |
| campo de control de longitud fija | 090819s1994 es 001 spa d |
| 020 ## - NÚMERO INTERNACIONAL ESTÁNDAR DEL LIBRO | |
| Número Internacional Estándar del Libro | 840007416 |
| 040 ## - FUENTE DE LA CATALOGACIÓN | |
| Centro catalogador/agencia de origen | DO-SdBNP |
| Lengua de catalogación | spa |
| Centro/agencia transcriptor | BNPHU |
| 049 ## - FONDOS LOCALES (OCLC) | |
| Fondos de biblioteca | BNPD |
| 100 1# - ENTRADA PRINCIPAL--NOMBRE DE PERSONA | |
| Nombre de persona | Álvarez Casado, Ana Isabel |
| 9 (RLIN) | 15169 |
| 245 10 - MENCIÓN DE TÍTULO | |
| Título | Repertorio bibliográfico artístico en prensa periódica española 1936-19488 / |
| Mención de responsabilidad, etc. | Ana Isabel Álvarez Casado. |
| 260 ## - PUBLICACIÓN, DISTRIBUCIÓN, ETC. | |
| Lugar de publicación, distribución, etc. | Madrid, España, |
| Fecha de publicación, distribución, etc. | 1994. |
| 300 ## - DESCRIPCIÓN FÍSICA | |
| Extensión | 172 p. ; |
| Dimensiones | 24 cm. |
| 500 ## - NOTA GENERAL | |
| Nota general | Incluye datos biográficos del autor |
| 500 ## - NOTA GENERAL | |
| Nota general | Incluye tabla de contenido |
| Estado de retiro | Estado de pérdida | Restricciones de uso | No para préstamo | Código de colección | Localización permanente | Ubicación/localización actual | Ubicación en estantería | Fecha de adquisición | Número de inventario | Total de préstamos | Signatura topográfica completa | Código de barras | Fecha visto por última vez | Precio válido a partir de | Tipo de ítem Koha |
|---|---|---|---|---|---|---|---|---|---|---|---|---|---|---|---|
| Monografías: Libros y Folletos | General | General | Depósito | 19.08.2009 | LF1 | 5348-10 | 25.06.2020 | 25.06.2020 | Préstamo en sala |
